<?xml version="1.0" encoding="UTF-8"?><?xml-stylesheet type="text/xsl" href="static/style.xsl"?><OAI-PMH xmlns="http://www.openarchives.org/OAI/2.0/" xmlns:xsi="http://www.w3.org/2001/XMLSchema-instance" xsi:schemaLocation="http://www.openarchives.org/OAI/2.0/ http://www.openarchives.org/OAI/2.0/OAI-PMH.xsd"><responseDate>2026-06-01T11:58:05Z</responseDate><request verb="GetRecord" identifier="oai:riuma.uma.es:10630/45389" metadataPrefix="marc">https://riuma.uma.es/rest/oai/request</request><GetRecord><record><header><identifier>oai:riuma.uma.es:10630/45389</identifier><datestamp>2026-02-13T00:47:09Z</datestamp><setSpec>com_10630_2254</setSpec><setSpec>col_10630_37956</setSpec></header><metadata><record xmlns="http://www.loc.gov/MARC21/slim" xmlns:dcterms="http://purl.org/dc/terms/" xmlns:doc="http://www.lyncode.com/xoai" xmlns:xsi="http://www.w3.org/2001/XMLSchema-instance" xsi:schemaLocation="http://www.loc.gov/MARC21/slim http://www.loc.gov/standards/marcxml/schema/MARC21slim.xsd">
   <leader>00925njm 22002777a 4500</leader>
   <datafield ind2=" " ind1=" " tag="042">
      <subfield code="a">dc</subfield>
   </datafield>
   <datafield ind2=" " ind1=" " tag="720">
      <subfield code="a">Márquez-Chamizo, Esperanza</subfield>
      <subfield code="e">author</subfield>
   </datafield>
   <datafield ind2=" " ind1=" " tag="260">
      <subfield code="c">2025-09-12</subfield>
   </datafield>
   <datafield ind2=" " ind1=" " tag="520">
      <subfield code="a">Las nuevas necesidades  en la docencia del Grado de Derecho se ha nutrido de la experiencia previa de los autores desde la extinta Licenciatura hasta la implantación de los denominados “Grupos Piloto”, que intentaban adaptar las asignaturas de la antigua Licenciatura en Derecho al que se denominó Plan Bolonia que materializó el Espacio Europeo de Educación Superior.
Era evidente la necesidad de no ofrecer a los alumnos una enseñanza en exceso teórica sino un aprendizaje más dinámico en el que los ejercicios prácticos -tomados de la actualidad internacional- tuvieran un mayor peso específico en su formación y en su evaluación. Esta perspectiva de enseñanza anclada en el debate y el análisis de la realidad internacional para, a través de ella, explicar las instituciones jurídicas, informa la obra que en nuestra Área hemos elaborado. Se compensa también el exceso de manuales y materiales docentes que inciden en el componente teórico de nuestra disciplina, y del ámbito jurídico en general.</subfield>
   </datafield>
   <datafield ind1="8" ind2=" " tag="024">
      <subfield code="a">MÁRQUEZ CHAMIZO, E., Derecho Internacional Público y Organizaciones Internacionales. Actividades prácticas, TORRES MARTÍN MARTÍNEZ, M.M., PASTOR GARCÍA, A.M., PÉREZ SALOM, J.R., SÁNCHEZ PATRÓN, J.M., y TORRES CAZORLA, M.I., Tirant loBlanch, Valencia, 2025, Ed. 3ª, pp. 229, 248, 298. ISBN: 979-13-7010-658-4.</subfield>
   </datafield>
   <datafield ind1="8" ind2=" " tag="024">
      <subfield code="a">979-13-7010-658-4</subfield>
   </datafield>
   <datafield ind1="8" ind2=" " tag="024">
      <subfield code="a">https://hdl.handle.net/10630/45389</subfield>
   </datafield>
   <datafield tag="653" ind2=" " ind1=" ">
      <subfield code="a">Derecho internacional público</subfield>
   </datafield>
   <datafield ind2="0" ind1="0" tag="245">
      <subfield code="a">Protección diplomática</subfield>
   </datafield>
</record>
</metadata></record></GetRecord></OAI-PMH>